La Soumission Des États Aux Tribunaux Internes : (Record no. 63961)
[ view plain ]
| 000 -LEADER | |
|---|---|
| fixed length control field | 01043nam a2200313 i 4500 |
| 003 - CONTROL NUMBER IDENTIFIER | |
| control field | EG-GICUC |
| 005 - DATE AND TIME OF LATEST TRANSACTION | |
| control field | 20260221232420.0 |
| 008 - FIXED-LENGTH DATA ELEMENTS--GENERAL INFORMATION | |
| fixed length control field | 260221s1996 fr ||||fr ||| 00| 0 fre d |
| 020 ## - INTERNATIONAL STANDARD BOOK NUMBER | |
| International Standard Book Number | 2233003020 |
| 040 ## - CATALOGING SOURCE | |
| Original cataloging agency | EG-GICUC |
| Transcribing agency | EG-GICUC |
| Modifying agency | EG-GICUC |
| Description conventions | rda |
| Language of cataloging | fre |
| 082 04 - DEWEY DECIMAL CLASSIFICATION NUMBER | |
| Edition number | 21 |
| Classification number | 341.511 |
| Item number | CO . S |
| 092 04 - LOCALLY ASSIGNED DEWEY CALL NUMBER (OCLC) | |
| Edition number | 21 |
| 099 ## - LOCAL FREE-TEXT CALL NUMBER (OCLC) | |
| Classification number | Law1 11 341.511 CO . S 1996 |
| 100 1# - MAIN ENTRY--PERSONAL NAME | |
| Personal name | Cosnard,Michel |
| Relator term | Auteur |
| 245 ## - TITLE STATEMENT | |
| Title | La Soumission Des États Aux Tribunaux Internes : |
| Remainder of title | Face à la Théorie Ddes Immunités Des États / |
| Statement of responsibility, etc. | Michel Cosnard . |
| 264 #0 - PRODUCTION, PUBLICATION, DISTRIBUTION, MANUFACTURE, AND COPYRIGHT NOTICE | |
| Place of production, publication, distribution, manufacture | Paris : |
| Name of producer, publisher, distributor, manufacturer | Revue Générale de Droit International Public , |
| Date of production, publication, distribution, manufacture, or copyright notice | 1996 . |
| 300 ## - PHYSICAL DESCRIPTION | |
| Extent | 478 Pages; |
| Dimensions | 30 cm. |
| 336 ## - CONTENT TYPE | |
| Content type term | text |
| Source | rda content |
| 337 ## - MEDIA TYPE | |
| Media type term | Computer |
| Source | rda media |
| 338 ## - CARRIER TYPE | |
| Carrier type term | Online Resource |
| Source | rda carrier |
| 546 ## - LANGUAGE NOTE | |
| Language note | Texte en français |
| 650 04 - SUBJECT ADDED ENTRY--TOPICAL TERM | |
| Topical term or geographic name entry element | Droit International Public |
| 650 04 - SUBJECT ADDED ENTRY--TOPICAL TERM | |
| Topical term or geographic name entry element | Tribunaux Internationaux |
| 651 1# - SUBJECT ADDED ENTRY--GEOGRAPHIC NAME | |
| Source of heading or term | qrmak |
| 700 1# - ADDED ENTRY--PERSONAL NAME | |
| Personal name | Stern,Brigitte |
| Relator term | Auteur |
| 856 ## - ELECTRONIC LOCATION AND ACCESS | |
| Uniform Resource Identifier | <a href="https://fll.law.cu.edu.eg/fulltext/th/B11-07809.pdf">https://fll.law.cu.edu.eg/fulltext/th/B11-07809.pdf</a> |
| 905 ## - Cataloger and Reviser Names | |
| Cataloger Name: | Logain Ashraf |
| 942 ## - ADDED ENTRY ELEMENTS (KOHA) | |
| Source of classification or shelving scheme | Dewey Decimal Classification |
| Koha item type | Books |
| Edition | 21 |
| Suppress in OPAC | No |
| Withdrawn status | Lost status | Source of classification or shelving scheme | Damaged status | Not for loan | Collection | Home library | Current library | Date acquired | Total checkouts | Full call number | Barcode | Date last seen | Copy number | Price effective from | Koha item type |
|---|---|---|---|---|---|---|---|---|---|---|---|---|---|---|---|
| Dewey Decimal Classification | Not for loan | القانون الدولي العام | جــــامعة القــاهرة | مكتبة كلية الحقوق - المبنى الرئيسي | 22.02.2026 | Law1 11 341.511 CO . S 1996 1107809 C1 | B11-07809 | 21.02.2026 | 1 | 21.02.2026 | Books | ||||
| Dewey Decimal Classification | Not for loan | القانون الدولي العام | جــــامعة القــاهرة | مكتبة كلية الحقوق - المبنى الرئيسي | 05.03.2026 | Law1 11 341.511 CO . S 1996 1108815 C2 | B11-08815 | 04.03.2026 | 2 | 04.03.2026 | Books | ||||
| Dewey Decimal Classification | القانون الدولي العام | جــــامعة القــاهرة | مكتبة كلية الحقوق - فـرع الشيخ زايد | 05.03.2026 | Law2 11 341.511 CO . S 1996 1108814 C3 | B11-08814 | 04.03.2026 | 3 | 04.03.2026 | Books |